MDQL
is popping MORE tags! Check the
thread
!
Quizzes
Events
Quiz Creation
Community
Videos
Private Events
Remove Ads
Sign In
Join for FREE
Feedback
Dark Mode
Quiz Categories
Sports
Geography
Music
Movies
Television
Just For Fun
Miscellaneous
History
Literature
Language
Science
Gaming
Entertainment
Religion
Holiday
For Kids
Quiz Lab
Recent
Popular Today
Quiz Kudos Today
Editor Picks
Curator Picks
Quizzes by...
Day
Popularity
Type
Ratings
Length
Year
Community
Subscriptions
Recent Discussions
Orange Saloon
Badges
Playlists
Quests
Create
Leaderboards
Showdown
Live 5
Trivia Bingo
Activity
Puzzle Library
Sporcle Events
Private Events
Virtual Trivia
Globe League
Become a Host
Pub Owners
SporcleCon
Opinionation
Our Games
Videos
Blog
Mobile Apps
Partnerships
Remove Ads and Go Orange
Feedback
Movies
Disney
Marvel Cinematic Universe
Movie Resume
Movie Titles
Oscar
Actor
Actress
Director
Pixar
Role
Movie Quotes
Movie Characters
Box Office
Nominee
Best Picture
Star Wars
James Bond
Horror Movies
Movies
Disney
Marvel Cinematic Universe
Movie Resume
Movie Titles
Oscar
Actor
Actress
Director
Pixar
Role
Movie Quotes
Movie Characters
Box Office
Nominee
Best Picture
Star Wars
James Bond
Horror Movies
Random Quiz
Search Sporcle
×
Quiz Lab
Quiz Lab
Movies
Box Office
Type in answers that appear in a list
Type in answers that appear in a list
Classic
Best Score? Go Orange.
Highest Grossing Black and White Movies (1970-) Stats
Can you name the top grossing black and white films since 1970?
By
EpicWinFTW
7m
22 Questions
361 Plays
361 Plays
361 Plays
Comments
Comments
Give Quiz Kudos
Give Quiz Kudos
-
- Ratings
hide this ad
More Info
Replay
Link that replays current quiz
Next Quiz
Link to next quiz in quiz playlist
You Got
0%
They Got
Avg Score
30%
Avg Friend Score
Upgrade to see
Score Distribution
Jump to the score distribution portion of the page
Score
0/22
Timer
07:00
0
Plays Today
Revenues
Film
% Correct
$96,067,179
Schindler's List
91.4%
$44,439,470
The Artist
80.1%
$23,380,203
Raging Bull
49.9%
$86,300,000
Young Frankenstein
41.3%
$31,501,218
Good Night, and Good Luck.
36.3%
$26,010,864
The Elephant Man
35.7%
$29,133,000
The Last Picture Show
35.2%
$39,946,780
Manhattan
34.6%
$74,098,862
Sin City
33.2%
$5,887,457
Ed Wood
31.9%
$3,151,130
Clerks.
27.7%
Revenues
Film
% Correct
$7,494,849
The Man Who Wasn't There
23.8%
$40,568,025
Pleasantville
21.3%
$7,000,000
Eraserhead
19.4%
$30,933,743
Paper Moon
19.1%
$3,216,970
π
16.9%
$10,600,497
Broadway Danny Rose
13.3%
$5,032,496
Celebrity
13.1%
$24,732,041
Lenny
13%
$10,389,003
Stardust Memories
12.5%
$18,196,170
Dead Men Don't Wear Plaid
11.9%
$10,090,429
Under the Cherry Moon
3.6%
Quiz Playlist
Details
Report
Send in Message
Add To Playlist
More Info:
US box office numbers
Classic:
Type in answers that appear in a list
Last Updated: Feb 16, 2017
Quiz Scoreboard
CHALLENGE
Sign Up to Join the Scoreboard
Show All
Scores
Hide
Comments
May contain spoilers
Recently Published
1-10 Letter E Words III
by El_Dandy
Language
2m
Street Fighter Characters
by Artimus82
Gaming
60s
College Basketball Coaching Resumes
by pancakes188
Sports
9m
More to Explore
Quiz From the Vault
Featured Blog Post
Where Did the Easter Bunny Come From?
hide this ad
You Might Also Like...
Tags
Box Office Quiz
Movie Titles Quiz
1970s
black
highest
Revenue
White
Today's Top Quizzes in Movies
Browse Movies
hide this ad
Today's Top Quizzes in Box Office
Browse Box Office
Top Contributed Quizzes in Movies
1
Pick 5 Posters: Directed by Spielberg
2
7-to-1: Pixar Characters
3
Hidden Star Wars Character II
4
Pick 5 Posters: Lowest-Rated Spielberg
5
Hidden Star Wars Character III
6
Sorting Actors
7
Sorting Actresses
8
Hidden Star Wars Character IV
9
Pick 5 Posters: Directed by Scorsese
10
Hidden Star Wars Character V
Explore More
Trending Topics
NBA
Disney
Anime
Crossword
Harry Potter
Marvel
Kpop
Country
Song
NFL
Pokémon
WWE
Soccer
Puzzle
The Office
hide this ad
More By:
EpicWinFTW
Quiz
Plays
Rating
Category
Featured
Created
200 Most Popular MLB Players Ever (Baseball-Reference)
11,504
4.17
Sports
Jul 19, 2011
Hart Trophy (NHL MVP) Voting: 2000-09
3,516
4.82
Sports
Mar 25, 2011
2014 FIFA World Cup Nations by Population
3,191
4.27
Sports
Dec 1, 2013
NFL Top 100 Yards from Scrimmage
2,829
4.27
Sports
Feb 6, 2011
2011 Stanley Cup Finals Rosters
2,188
4.71
Sports
Jun 15, 2011
Go to Creator's Profile
Score Distribution
Quiz Creator Spotlight
EpicWinFTW
Follow
Send a Message
Quizzes Created
-
Created Quiz Play Count
-
More By This Creator
Popular Quizzes Today
1
Find the US States - No Outlines Minefield
2
Find the Countries of Europe - No Outlines Minefield
3
The Countries of the World
4
Find the US States
5
Risky Map Clicking: Biggest States A-Z
6
US States
7
Popular People in 1961
8
Movies - When Are They Set?
More Movies Quizzes
Huge One Word 'I' Movies List
Quiz Lab
Trending Quizzes
Risky Map Clicking: Least Populous States A-Z
Billboard Blitz: Aretha Franklin
Famous Russians: Author or Composer?
Countries of the World: 200 Million BC
1-10 Letter G Words
Recently Updated
Leaping Animals
pecheneg
Reality TV Shows (A-Z)
bhenderson79
Rickey Henderson's Hall of Fame Teammates
pecheneg
Champions League XIs: Arsenal
pecheneg
Quick Pick: Celebrities in WWE's Hall of Fame
aduchscher
A-Z Keypad Blitz II
pecheneg
Multiple Oscar Actors
pecheneg
Mystery Phrase Blitz: Oscar 'Best Actors'
pecheneg
F. Scott Fitzgerald Novels
LTH
Pick 3 Villains
ddd62291
Trending Topics
Marvel
Anime
Harry Potter
Disney
Crossword
NBA
Kpop
Puzzle
WWE
Soccer
Pokémon
NFL
Country
The Office
Song
Your Account Isn't Verified!
In order to create a playlist on Sporcle, you need to verify the email address you used during registration. Go to your
Sporcle Settings
to finish the process.
Report this User
Report this user for behavior that violates our
Community Guidelines
.
Details:
Send Report
Go to the Sporcle.com Mobile Site →
Comments